| 000 | 00727nam a2200241 i 4500 | ||
|---|---|---|---|
| 001 | C2-0286376 | ||
| 003 | PPAK | ||
| 005 | 20180728015831.0 | ||
| 008 | 080123s2007 my |||| ||||| | may d | ||
| 020 | _a9832672228 | ||
| 040 |
_aPPAK _beng _cPPAK _erda |
||
| 082 | 0 | 4 |
_a499.2382421 _223 |
| 090 | 0 | 0 |
_a499.2382421 _bPAN _dG |
| 245 | 0 | 0 | _aPanduan belajar bahasa Inggeris - bahasa Malaysia |
| 264 | 1 |
_aKuala Lumpur : _bAr-Risalah Product , _c2007 |
|
| 300 |
_axi, 483 pages ; _c21 cm |
||
| 336 |
_2rdacontent _atext |
||
| 337 |
_2rdamedia _aunmediated |
||
| 338 |
_2rdacarrier _avolume |
||
| 650 | 1 | 0 | _aEnglish language - Conversation and phrase book - Bahasa Malaysia |
| 700 | 0 |
_aDaniel Zakaria, _ecompile |
|
| 942 |
_ddc _cB |
||
| 999 |
_c92127 _d92127 |
||